LEADER 01122nam a2200277 i 4500 001 000000163866 003 CaOOAMICUS 005 20070821000000.0 008 070821s1996 it u000 u ita u 013 $a141233 020 $a88-7133-198-2 040 $aSeMil$bita 240 10$aEarly Europe: mysteries in stone.$0(OLS)http://semarc/title/233816 245 12$aI primi europei e i loro misteri. 260 $aBresso (MI) :$bHobby & Work,$ccopyr. 1996. 300 $a168 p. :$bricc. ill. ;$c29 cm. 490 0 $aGrandi civiltà del passato 500 $aContiene : Bibliografia. 650 4$aEuropa - Storia - Antichità.$0(OLS)http://semarc/subject/26638 830 0$aGrandi civiltà del passato.$0(OLS)http://semarc/title/24134 850 $aSeMil 852 $aSeMil$W1$xVenegono$y1$m3V VI 138$j115160$B115160$CSeMilBibl$Z2$F126029 $81 961 $aOmaggio: Piazza don Antonio 996 $6020$a88-7133-198-2$9(OLS)http://semarc/number/150044 996 $6245$aI primi europei e i loro misteri$9(OLS)http://semarc/title/233815 996 $6260$aBresso (MI) :$bHobby & Work$9(OLS)http://semarc/publisher/34824 LEADER 00963nam a2200241 i 4500 001 000000172010 003 CaOOAMICUS 005 20080527000000.0 008 080527s1969 fr u000 u fre u 013 $a149447 040 $aSeMil$bita 100 1 $aHamel, Albin.$0(OLS)http://semarc/name/64341 245 13$aLe Pape Paul 6. à Genève /$cTexte et légendes par Albin Hamel. 260 $aFribourg :$bÉditions Saint-Paul,$ccopyr. 1969. 300 $a1 v. :$b70 photographies ;$c21 cm. 500 $aFondo Card. Giovanni Colombo. 650 4$aPaolo VI - Viaggi apostolici.$0(OLS)http://semarc/subject/9727 850 $aSeMil 852 $aSeMil$W1$xVenegono$y1$m3A I 38$j122873$B122873$CSeMilBibl$Z2$F137874 $81 941 1 $a3 961 $aLascito: Colombo Card. Giovanni 996 $6245$aLe Pape Paul 6. à Genève$9(OLS)http://semarc/title/246219 996 $6260$aFribourg :$bÉditions Saint-Paul$9(OLS)http://semarc/publisher/35647